| 000 | 00371nam a2200121Ia 4500 | ||
|---|---|---|---|
| 008 | 221221s9999 xx 000 0 und d | ||
| 040 | _cChuka University Library | ||
| 050 |
_aPL 8704 _bF37 2003 |
||
| 100 |
_aFASIHI _93000 |
||
| 245 | 0 | _aMAKALA ZA SEMINA YA KIMATAIFA YA WAANDISHI WA KISWAHILI III | |
| 260 |
_aCHUO KIKUU CHA DAR ES SALAAM _bDAR ES SALAAM _c2003 |
||
| 942 | _cBK | ||
| 999 |
_c3964 _d3964 |
||